Регионална библиотека "Любен Каравелов" - Русе

Светът от вчера (Запис номер 194764)

MARC детайли
000 -Лидер
Контролно поле с фиксирана дължина 01256nam a2200325 c 4500
003 - Код на организацията, давaща контролен номер
Контролно поле BLK
005 - Дата и час на последна редакция
Контролно поле 20190419093234.0
008 - Елементи от данни с фиксирана дължина
fixed length control field 180411b bul|||||r ||||||| ||bul||
010 ## - Наследен системен номер
LC control number KNG00203997000
040 ## - Източник на каталожния запис
Идентификатор на билиотеката - собственик на записа BLK
041 ## - Код за език
Код за езика на текст/звукозапис или на отделно заглавие Български
Код за езика КДБФ Български
080 ## - УДК
Текстов определител УДК Австрийска литература
УДК код - определител по УДК 821.112(436)
УДК определител -94
УДК - код + определител 821.112(436)-94
100 1# - Редна дума - Автор
Автор Цвайг, Стефан
Авторска отговорност първи автор
R(LIN) 366443
139 ## - Редно поле
Редна дума Цвайг, Стефан
Авторски знак Цва - Ц 29
245 10 - Сведения за заглавието
Заглавие Светът от вчера
Редно поле (дума) Стефан Цвайг; прев. от нем. Живка Христова Драгнева.
257 ## - Страна на издаване
Страна на създаване/издаване Австрия
260 ## - Област на издателските данни
-- София
Име на издателя, разпространителя и проч. Славчо Атанасов
Година на издаване 1944
Печатница София : печ. Фар
300 ## - Физическа характеристика
Страници 476 с.
Размери/Мащаб 19 см
380 ## - Жанр
Жанр Худож. лит.
490 1# - СЕРИИ (Колекции)
Име на серия Библиотека Златни зърна
490 1# - СЕРИИ (Колекции)
-- Подсерия
№: серия Г. ІХ. Премия
500 ## - Общи забележки
Забележка Без сведение за ориг. загл.
653 ## - Ключова дума – ненормативна
Ключова дума мемоари
700 1# - Други автори (авторска отговорност)
Лично име Драгнева, Живка Христова
Автороска отговорност (Описва отношението между автора и произведението) прев. от нем.
9 (RLIN) 375011
852 ## - Местоположение
Форматна сигнатура Цб І 16582
856 4# - Електронен адрес и достъп
Електронен формат pdf - файл
Път до файла /url/
856 4# - Електронен адрес и достъп
Електронен формат pdf - файл
Път до файла /url/
942 ## - АРТИКУЛИ
Вид на библиотечния материал Книги
Скрит в OPAC Не
Koha issues (borrowed), all copies 2
944 ## - СЪЗДАВАНЕ И РЕДАКЦИЯ на ЗАПИСА
Създаване/Редакция Създаване
Дата на регистрацията/редакция 28.03.2017
Статус, дата на статуса ф /
Служител, извършил регистрацията/редакцията Виолета_Тройчева
944 ## - СЪЗДАВАНЕ И РЕДАКЦИЯ на ЗАПИСА
Създаване/Редакция Редакция
Дата на регистрацията/редакция 28.11.2017
Статус, дата на статуса ф /
Служител, извършил регистрацията/редакцията Людмила_Стоянова
999 ## - СИСТЕМНИ КОНТРОЛНИ НОМЕРА
Koha biblionumber 194764
Koha biblioitemnumber 194764
Наличности
Код за отписване Код за изгубен артикул Източник на класификационната схема Код за повреда Коз за рестрикции Код за отдаване Артикулен № Име на библиотеката - собственик Име на библиотеката, в която се намира в момента Статус (Текущо местоположение) Дата на вписване в системата Местоположение - отдел Цена в лева Инвентарен номер Систематично азбучна сигнатура Баркод Номер на екземпляра Цена в евро Служебна бележка Служебен тип на артикула
  Не е изгубен Universal Decimal Classification Не е повреден само за читалня ползва се в читалня 340478 Регионална библиотека "Любен Каравелов" Русе Регионална библиотека "Любен Каравелов" Русе Хранилище 2017-03-31 Основен фонд - ползва се само за читалня 34.00 120000809606 Цб І 16582 120000809606 1 17.38 Дост: DA Вид: А N: 16 Дата: 31.03.2017 Книги
Изтеглен Не е изгубен Universal Decimal Classification Не е повреден без рестрикции заемане за дома 340479 Регионална библиотека "Любен Каравелов" Русе Регионална библиотека "Любен Каравелов" Русе Заемна - подръчен фонд 1944-01-01 Заемна - подръчен фонд 2.38 232184 П 830-9/Ц 29 232184 2 1.22 Дост: Pk Вид: Ф N: стар фонд Дата: 01.01.1944 Книги
Vip Innovations Ltd, Rousse, Bulgaria 2025